[Event "Stuttgarter Stadtmeisterschaft"]
[Site "Ditzingen"]
[Date "2008.05.01"]
[Round "2.2"]
[White "Haubensak, Harald"]
[Black "Baumeister, Jürgen"]
[Result "1-0"]
[WhiteElo "1675"]
[BlackElo "1834"]
[PlyCount "120"]
[EventDate "2008.05.??"]
[EventType "swiss"]
[EventRounds "7"]
[EventCountry "GER"]

1. Nf3 c5 2. b3 d5 3. e3 Nf6 4. Bb2 Nc6 5. Bb5 Bd7 6. Bxc6 Bxc6 7. O-O e6 8.
Ne5 Bd6 9. f4 h5 10. Nxc6 bxc6 11. c4 Ng4 12. Qf3 Kd7 13. Nc3 Qe7 14. h3 Qh4
15. Na4 Rag8 16. Ba3 f5 17. cxd5 cxd5 18. Bxc5 g5 19. Bxd6 Kxd6 20. Rac1 Nf6
21. fxg5 Qxg5 22. Nc3 a6 23. d3 Qh4 24. Qf4+ Qxf4 25. Rxf4 Rg3 26. Rf3 Rxf3 27.
gxf3 Rg8+ 28. Kf2 h4 29. Rg1 Rc8 30. Rc1 Rg8 31. Ne2 e5 32. d4 Nd7 33. dxe5+
Nxe5 34. Nf4 Rg3 35. Rd1 Rxf3+ 36. Ke2 Rxf4 37. exf4 Ng6 38. Ke3 Kc5 39. a3 Nf8
40. Rc1+ Kd6 41. b4 Ne6 42. Rg1 d4+ 43. Kf3 Kd5 44. Rg6 d3 45. Ke3 d2 46. Rg1
Nd4 47. Rb1 Nc2+ 48. Kxd2 Nxa3 49. Ra1 Nc4+ 50. Kc3 Ne3 51. Rxa6 Nd1+ 52. Kd2
Nf2 53. Ra5+ Kc4 54. Rxf5 Kxb4 55. Ke3 Nd1+ 56. Kf3 Kc4 57. Rh5 Kd4 58. Rxh4
Nc3 59. Rh8 Kd5 60. Re8 Kd6 1-0

[Event "Stuttgarter Stadtmeisterschaft"]
[Site "Ditzingen"]
[Date "2008.05.01"]
[Round "2.3"]
[White "Botond, Laszlo"]
[Black "Drapchin, Marc"]
[Result "1-0"]
[WhiteElo "1670"]
[BlackElo "1814"]
[PlyCount "105"]
[EventDate "2008.05.??"]
[EventType "swiss"]
[EventRounds "7"]
[EventCountry "GER"]

1. f4 b6 2. Nf3 Bb7 3. e3 e6 4. d4 d5 5. Bd3 c5 6. c3 Nc6 7. O-O Nf6 8. Ne5 Qc7
9. Nd2 Be7 10. Ndf3 cxd4 11. exd4 h6 12. Be3 O-O 13. g4 Nxe5 14. Nxe5 Ne4 15.
Qe2 Bf6 16. Rac1 Bxe5 17. fxe5 Qd8 18. Qg2 Qh4 19. Rf3 Ng5 20. Bxg5 Qxg5 21.
Rcf1 a5 22. h3 Ba6 23. Bxa6 Rxa6 24. Qf2 h5 25. Rf4 h4 26. Qe2 Raa8 27. R1f2
Rab8 28. Qb5 Qg6 29. Kh2 Kh7 30. a4 Kg8 31. Qf1 Rb7 32. Qe2 Qg5 33. Qf3 Rc7 34.
Qd3 Rcc8 35. Qb5 Rb8 36. Qd7 Rbd8 37. Qc7 Qg6 38. Rxf7 Rxf7 39. Qxd8+ Kh7 40.
Qxh4+ Kg8 41. Rxf7 Qxf7 42. Kg2 Qf4 43. Qf2 Qe4+ 44. Kh2 g5 45. Qd2 Kh7 46. Qf2
Kg8 47. Kg3 Kh7 48. Qf7+ Kh8 49. Qh5+ Kg8 50. Qxg5+ Kh7 51. Kh4 Qe1+ 52. Kh5
Qg3 53. h4 1-0

[Event "Stuttgarter Stadtmeisterschaft"]
[Site "Ditzingen"]
[Date "2008.05.01"]
[Round "2.4"]
[White "Lautenbach, Ulrich"]
[Black "Kang, Moon-Gu"]
[Result "0-1"]
[WhiteElo "1663"]
[BlackElo "1797"]
[PlyCount "62"]
[EventDate "2008.05.??"]
[EventType "swiss"]
[EventRounds "7"]
[EventCountry "GER"]

1. d4 Nf6 2. Bf4 g6 3. Nf3 Bg7 4. c3 d5 5. e3 O-O 6. Bd3 c5 7. Nbd2 Qb6 8. Qb1
Nc6 9. dxc5 Qxc5 10. Nb3 Qb6 11. Qc2 Nd7 12. Ng5 e5 13. Bg3 a5 14. a4 h6 15.
Nxf7 Rxf7 16. Bxg6 Rf8 17. O-O Ne7 18. Bd3 Nc5 19. Nxc5 Qxc5 20. Qb3 Kh8 21. e4
dxe4 22. Bxe4 Nf5 23. Rad1 Nxg3 24. hxg3 Rb8 25. Rd5 Qc7 26. Qb5 Be6 27. Rc5
Qd6 28. Bf3 Rxf3 29. gxf3 Bd7 30. Rd5 Bxb5 31. Rxd6 Bxf1 0-1

[Event "Stuttgarter Stadtmeisterschaft"]
[Site "Ditzingen"]
[Date "2008.05.01"]
[Round "2.5"]
[White "Feller, Florian"]
[Black "Ziegler, Michael"]
[Result "1/2-1/2"]
[WhiteElo "1794"]
[BlackElo "1662"]
[PlyCount "147"]
[EventDate "2008.05.??"]
[EventType "swiss"]
[EventRounds "7"]
[EventCountry "GER"]

1. e4 c5 2. Nf3 d6 3. d4 cxd4 4. Nxd4 Nf6 5. Nc3 a6 6. g3 e6 7. Bg2 Qc7 8. O-O
Be7 9. Re1 O-O 10. Be3 Bd7 11. Rc1 Nc6 12. Nce2 Rac8 13. c4 Ng4 14. Qd2 Nxe3
15. Qxe3 Qa5 16. Nc3 Ne5 17. b3 Bd8 18. h3 Bb6 19. Qd2 Bc5 20. Red1 Bb4 21. Kh2
b5 22. f4 Nc6 23. Nde2 bxc4 24. bxc4 Ne7 25. Qd3 Qc5 26. Nb1 Ba4 27. Rg1 Rfd8
28. Nd4 g6 29. Nb3 Qc7 30. Rgd1 Bxb3 31. axb3 Bc5 32. Nc3 Nc6 33. Na4 Nb4 34.
Qe2 a5 35. Nxc5 Qxc5 36. Rd2 Rb8 37. Rcd1 Rb6 38. e5 Rd7 39. exd6 Rdxd6 40.
Rxd6 Rxd6 41. Rxd6 Qxd6 42. Qf3 Qc5 43. Qc3 Na6 44. g4 Nb4 45. Qf3 Qc7 46. Kg3
g5 47. Bf1 f6 48. Qe4 Qxf4+ 49. Qxf4 gxf4+ 50. Kxf4 h6 51. Ke4 Nc6 52. c5 Kf8
53. Be2 Ke7 54. Kd3 Ne5+ 55. Kd4 Kd7 56. Kc3 Kc6 57. b4 axb4+ 58. Kxb4 f5 59.
Bb5+ Kc7 60. Be2 f4 61. Kb5 f3 62. Bf1 Nf7 63. Kc4 Kc6 64. Kd4 e5+ 65. Ke4 Kxc5
66. Kxf3 Kd4 67. h4 Nd6 68. Ba6 e4+ 69. Ke2 Nf7 70. Bc8 Nd6 71. Ba6 Nf7 72. Bc8
Ke5 73. Ke3 Nd6 74. Ba6 1/2-1/2

[Event "Stuttgarter Stadtmeisterschaft"]
[Site "Ditzingen"]
[Date "2008.05.01"]
[Round "2.6"]
[White "Holschke, Christian"]
[Black "Mainik, Andreas"]
[Result "0-1"]
[WhiteElo "1661"]
[BlackElo "1777"]
[PlyCount "89"]
[EventDate "2008.05.??"]
[EventType "swiss"]
[EventRounds "7"]
[EventCountry "GER"]

1. e4 e5 2. d4 exd4 3. Qxd4 Nc6 4. Qe3 d6 5. Nc3 Nf6 6. Bc4 Be7 7. Nf3 O-O 8.
Bd2 Ng4 9. Qe2 Nge5 10. O-O-O Nxf3 11. Qxf3 Ne5 12. Qe2 Bf6 13. h3 Re8 14. Bb3
Qe7 15. Nd5 Qd8 16. f4 Nc6 17. g4 Nd4 18. Qd3 c6 19. Nc3 Be6 20. Bxe6 Nxe6 21.
g5 Be7 22. Be3 Qc7 23. h4 Rad8 24. Qc4 b5 25. Qf1 Rd7 26. f5 Nc5 27. f6 Bf8 28.
Bxc5 dxc5 29. Qf5 Rd4 30. h5 Qe5 31. g6 Qxf5 32. exf5 gxf6 33. Rde1 Re5 34.
Rxe5 fxe5 35. Ne2 Bh6+ 36. Kb1 Rd2 37. Ng3 fxg6 38. hxg6 hxg6 39. c3 Bf4 40.
Ne4 Re2 41. Nf6+ Kf7 42. Ng4 gxf5 43. Rh7+ Kg6 44. Rh2 Bxh2 45. Nxe5+ 0-1

[Event "Stuttgarter Stadtmeisterschaft"]
[Site "Ditzingen"]
[Date "2008.05.01"]
[Round "2.7"]
[White "Schuhmacher, Jakob"]
[Black "Mueller, Nils Samuel"]
[Result "1-0"]
[WhiteElo "1657"]
[BlackElo "1738"]
[PlyCount "81"]
[EventDate "2008.05.??"]
[EventType "swiss"]
[EventRounds "7"]
[EventCountry "GER"]

1. d4 Nf6 2. Nf3 g6 3. c4 Bg7 4. Nc3 O-O 5. e4 d6 6. Be2 e5 7. Be3 Nc6 8. d5
Ne7 9. h3 Nd7 10. Qc2 c5 11. Nb5 Nb6 12. a3 a6 13. Nc3 f5 14. b4 fxe4 15. Nxe4
Bf5 16. bxc5 dxc5 17. Bd3 Bxe4 18. Bxe4 Nf5 19. Bxc5 Rc8 20. Bxf8 Rxc4 21. Qd3
Qxf8 22. Rb1 Qc5 23. Bxf5 gxf5 24. Qxf5 Rc1+ 25. Ke2 Rc2+ 26. Nd2 Nxd5 27. Kd1
e4 28. Qe6+ Kf8 29. Nxe4 Nc3+ 30. Nxc3 Qxc3 31. Qf5+ Kg8 32. Qxc2 Qd4+ 33. Qd2
Qa4+ 34. Ke2 Qe4+ 35. Qe3 Qc2+ 36. Kf3 Qf5+ 37. Kg3 Be5+ 38. f4 Qg6+ 39. Kh2
Bd6 40. Rxb7 Qf6 41. g3 1-0

[Event "Stuttgarter Stadtmeisterschaft"]
[Site "Ditzingen"]
[Date "2008.05.01"]
[Round "2.8"]
[White "Weber, Norbert"]
[Black "Debbeler, Adrian"]
[Result "0-1"]
[WhiteElo "1738"]
[BlackElo "1649"]
[PlyCount "54"]
[EventDate "2008.05.??"]
[EventType "swiss"]
[EventRounds "7"]
[EventCountry "GER"]

1. d4 d5 2. Nf3 c6 3. e3 Nf6 4. Nbd2 Bg4 5. Be2 e6 6. O-O Bd6 7. Ne5 Bxe2 8.
Qxe2 Qc7 9. f4 Ne4 10. c4 Nxd2 11. Bxd2 dxc4 12. Qxc4 g5 13. Bb4 gxf4 14. Rxf4
Bxe5 15. dxe5 Qxe5 16. Kf2 Qxb2+ 17. Kf3 Qxa1 18. Qc5 Qd1+ 19. Kf2 Qd8 20. Qe5
Rg8 21. Qh5 Rg7 22. Qc5 Nd7 23. Qd6 Qg5 24. g3 O-O-O 25. Rc4 Qf5+ 26. Ke2 Qd5
27. Rd4 Qxd6 0-1

[Event "Stuttgarter Stadtmeisterschaft"]
[Site "Ditzingen"]
[Date "2008.05.01"]
[Round "2.9"]
[White "Schreiber, Stephan"]
[Black "Henninger, Jakob"]
[Result "1/2-1/2"]
[WhiteElo "1646"]
[BlackElo "1730"]
[PlyCount "50"]
[EventDate "2008.05.??"]
[EventType "swiss"]
[EventRounds "7"]
[EventCountry "GER"]

1. e4 c5 2. Nf3 d6 3. d4 cxd4 4. Nxd4 Nf6 5. Nc3 g6 6. Be3 Bg7 7. Qd2 Nc6 8.
Nxc6 bxc6 9. Bh6 O-O 10. Bxg7 Kxg7 11. Be2 Rb8 12. b3 c5 13. O-O Bb7 14. f3 Qa5
15. Rad1 Bc6 16. a4 Qb6 17. Kh1 h5 18. Nd5 Bxd5 19. exd5 h4 20. f4 Rh8 21. f5
Rh6 22. fxg6 fxg6 23. Rf4 Rbh8 24. Qe3 Qd8 25. Rdf1 Rf8 1/2-1/2

[Event "Stuttgarter Stadtmeisterschaft"]
[Site "Ditzingen"]
[Date "2008.05.01"]
[Round "2.10"]
[White "Huynh, Nhi Lang"]
[Black "Straub, Reiner"]
[Result "0-1"]
[WhiteElo "1730"]
[BlackElo "1638"]
[PlyCount "32"]
[EventDate "2008.05.??"]
[EventType "swiss"]
[EventRounds "7"]
[EventCountry "GER"]

1. d4 d5 2. c4 e6 3. Nf3 Nf6 4. Nc3 Bb4 5. Bg5 O-O 6. e3 c5 7. a3 Bxc3+ 8. bxc3
Nbd7 9. Qc2 Qa5 10. Nd2 cxd4 11. cxd4 Ne4 12. Be7 Qxd2+ 13. Qxd2 Nxd2 14. Kxd2
Re8 15. Bb4 Nf6 16. Bd6 Ne4+ 0-1

[Event "Stuttgarter Stadtmeisterschaft"]
[Site "Ditzingen"]
[Date "2008.05.01"]
[Round "2.11"]
[White "Zimmermann, Tobias"]
[Black "Schestibrat, Dennis"]
[Result "0-1"]
[WhiteElo "1642"]
[BlackElo "1727"]
[PlyCount "96"]
[EventDate "2008.05.??"]
[EventType "swiss"]
[EventRounds "7"]
[EventCountry "GER"]

1. e4 c6 2. d4 d5 3. exd5 cxd5 4. c4 Nf6 5. Nc3 e6 6. Nf3 Bb4 7. Bg5 Qa5 8. Qc2
Ne4 9. Bd2 Nxd2 10. Nxd2 O-O 11. Bd3 h6 12. O-O Nc6 13. Nb3 Qd8 14. a3 dxc4 15.
Bxc4 Bd6 16. Qe4 a6 17. Rad1 Qc7 18. f4 Ne7 19. d5 f5 20. Qd4 b5 21. Bxb5 Rb8
22. Bc4 Rxb3 23. Na4 Rb5 24. dxe6 Bc5 25. Nxc5 Rxc5 26. b3 Ra5 27. Rf3 Qc5 28.
Qxc5 Rxc5 29. Rd7 Rxc4 30. Rxe7 Re4 31. Rg3 g5 32. fxg5 f4 33. Rh3 Rxe6 34.
Rxe6 Bxe6 35. Rxh6 Bc8 36. Kf2 Kg7 37. h4 a5 38. h5 Rf5 39. Rb6 Rxg5 40. Rg6+
Rxg6 41. hxg6 Kxg6 42. b4 axb4 43. axb4 Bd7 44. Kf3 Kf5 45. g3 Bc6+ 46. Kf2 f3
47. b5 Bb7 48. b6 Kg4 0-1

[Event "Stuttgarter Stadtmeisterschaft"]
[Site "Ditzingen"]
[Date "2008.05.01"]
[Round "2.12"]
[White "Kvetny, Mark"]
[Black "Tölg, Wolfgang"]
[Result "0-1"]
[WhiteElo "1606"]
[BlackElo "1721"]
[PlyCount "42"]
[EventDate "2008.05.??"]
[EventType "swiss"]
[EventRounds "7"]
[EventCountry "GER"]

1. d4 d5 2. c4 e5 3. dxe5 d4 4. Nf3 Nc6 5. g3 Bg4 6. Bg2 Rb8 7. O-O f6 8. exf6
Nxf6 9. Bg5 h6 10. Bf4 Bc5 11. Nbd2 Nh5 12. Nb3 Nxf4 13. gxf4 Bd6 14. Nfxd4
Bxf4 15. Nxc6 Qh4 16. h3 Bxh3 17. Re1 Bxg2 18. Kxg2 Qg4+ 19. Kf1 Qh3+ 20. Kg1
Qh2+ 21. Kf1 Qh1# 0-1

[Event "Stuttgarter Stadtmeisterschaft"]
[Site "Ditzingen"]
[Date "2008.05.01"]
[Round "2.13"]
[White "Philippin, Otto"]
[Black "Adler, Alexander"]
[Result "1-0"]
[WhiteElo "1721"]
[BlackElo "1584"]
[PlyCount "63"]
[EventDate "2008.05.??"]
[EventType "swiss"]
[EventRounds "7"]
[EventCountry "GER"]

1. f4 d5 2. Nf3 c5 3. e3 Nc6 4. Bb5 Bd7 5. b3 e6 6. Bb2 Nge7 7. O-O Nf5 8. Qe2
Be7 9. c4 d4 10. e4 Nd6 11. Bxc6 Bxc6 12. d3 O-O 13. Nbd2 Qc8 14. b4 b6 15. b5
Be8 16. a4 Bd8 17. g4 Bd7 18. e5 Ne8 19. Ne4 Qc7 20. g5 Bc8 21. Kh1 Bb7 22.
Nfd2 f5 23. gxf6 gxf6 24. Nf3 fxe5 25. fxe5 Ng7 26. Rg1 Kh8 27. Raf1 Nf5 28.
Bc1 Nh4 29. Bh6 Rg8 30. Rxg8+ Kxg8 31. Nxh4 Bxh4 32. Qg4+ 1-0

[Event "Stuttgarter Stadtmeisterschaft"]
[Site "Ditzingen"]
[Date "2008.05.01"]
[Round "2.14"]
[White "Kruck, Mathias"]
[Black "Schömbs, Oliver"]
[Result "0-1"]
[WhiteElo "1583"]
[BlackElo "1719"]
[PlyCount "96"]
[EventDate "2008.05.??"]
[EventType "swiss"]
[EventRounds "7"]
[EventCountry "GER"]

1. Nf3 f5 2. d4 Nf6 3. c4 e6 4. g3 Be7 5. Bg2 O-O 6. O-O d6 7. Nc3 c6 8. Bf4
Ne4 9. Qc2 g5 10. Bd2 g4 11. Ne1 Nxd2 12. Qxd2 Bg5 13. e3 Nd7 14. Nd3 Nf6 15.
f4 Bh6 16. Rad1 Bg7 17. b3 Kh8 18. Qe2 Bd7 19. Nf2 Qa5 20. Qd3 Rae8 21. Rd2 h5
22. e4 h4 23. gxh4 Nh5 24. Nh1 Qd8 25. Ng3 Qxh4 26. Nxh5 Qxh5 27. Qg3 Rg8 28.
e5 Bf8 29. Kf2 Be7 30. Qe3 d5 31. Rh1 Rg7 32. Ne2 Reg8 33. Kf1 Bh4 34. Ng3 Qe8
35. Rd3 Rh7 36. Qf2 Rg6 37. h3 Rgh6 38. hxg4 fxg4 39. Qe2 Qg6 40. cxd5 cxd5 41.
Rc3 Qb1+ 42. Kf2 Bxg3+ 43. Kxg3 Rxh1 44. Rc7 Qe1+ 45. Qxe1 Rxe1 46. Kxg4 Re2
47. Bf3 Rg7+ 48. Kh3 Re3 0-1

[Event "Stuttgarter Stadtmeisterschaft"]
[Site "Ditzingen"]
[Date "2008.05.01"]
[Round "2.15"]
[White "Ruff, Robert"]
[Black "Helfrich, Leo"]
[Result "0-1"]
[WhiteElo "1566"]
[BlackElo "1712"]
[PlyCount "76"]
[EventDate "2008.05.??"]
[EventType "swiss"]
[EventRounds "7"]
[EventCountry "GER"]

1. d4 g6 2. c4 Bg7 3. Nc3 c5 4. Nf3 cxd4 5. Nxd4 Nc6 6. e3 Nf6 7. Be2 d6 8. O-O
Bd7 9. a3 O-O 10. f4 Qc7 11. Ncb5 Qc8 12. f5 a6 13. Nxc6 bxc6 14. Nd4 c5 15.
Nf3 Bxf5 16. Nh4 Be4 17. Bd2 Qb7 18. Bc3 Rab8 19. Rf2 Bh6 20. Qd2 d5 21. Bxf6
exf6 22. cxd5 Qxb2 23. Qxb2 Rxb2 24. Kf1 Bxe3 25. Rxf6 Bg5 26. Rxa6 Bxh4 27. d6
Bxg2+ 28. Kxg2 Rxe2+ 29. Kh3 Bf6 30. d7 Bxa1 31. a4 Rd2 32. Ra7 Rd8 33. a5
R8xd7 34. Ra8+ Kg7 35. a6 R7d3+ 36. Kg4 Be5 37. a7 Rg2+ 38. Kh4 Bf6# 0-1

[Event "Stuttgarter Stadtmeisterschaft"]
[Site "Ditzingen"]
[Date "2008.05.01"]
[Round "2.16"]
[White "Stadler, Marcus"]
[Black "Grözinger, Werner"]
[Result "1-0"]
[WhiteElo "1707"]
[BlackElo "1451"]
[PlyCount "79"]
[EventDate "2008.05.??"]
[EventType "swiss"]
[EventRounds "7"]
[EventCountry "GER"]

1. e4 c6 2. Nf3 e6 3. d4 a6 4. Nc3 Qc7 5. Be2 b5 6. O-O Bb7 7. d5 b4 8. Na4
exd5 9. exd5 d6 10. Re1 Be7 11. Bg5 Nf6 12. Bxf6 gxf6 13. c4 Nd7 14. Nh4 Ne5
15. Nf5 O-O-O 16. f4 Ng6 17. a3 a5 18. axb4 axb4 19. b3 Rhg8 20. Bg4 Kb8 21.
Bf3 Bc8 22. Nxe7 Nxe7 23. Qd2 Nf5 24. Qa2 Bb7 25. Nb2 Nd4 26. Be4 f5 27. Bd3
Nf3+ 28. Kf1 Nxe1 29. Qa7+ Kc8 30. Bxf5+ Rd7 31. Rxe1 Kd8 32. Bxd7 Kxd7 33. Qa1
Ra8 34. Na4 Rg8 35. Qf6 Kc8 36. Re7 Qd8 37. Qxf7 Ba8 38. Nb6+ Kb8 39. Nxa8 Kxa8
40. Ra7+ 1-0

[Event "Stuttgarter Stadtmeisterschaft"]
[Site "Ditzingen"]
[Date "2008.05.01"]
[Round "2.17"]
[White "Weisensel, Wolfgang"]
[Black "Koss, Dietrich"]
[Result "0-1"]
[WhiteElo "1485"]
[BlackElo "1700"]
[PlyCount "80"]
[EventDate "2008.05.??"]
[EventType "swiss"]
[EventRounds "7"]
[EventCountry "GER"]

1. c4 c6 2. Nf3 d5 3. cxd5 cxd5 4. d4 Nf6 5. Nc3 e6 6. e3 Be7 7. Be2 O-O 8. O-O
Nc6 9. a3 Bd7 10. Bd2 Rc8 11. b4 a6 12. Qb3 b5 13. Rfc1 Bd6 14. Bd3 Bb8 15. h3
Qe7 16. Qd1 h6 17. Qe2 e5 18. dxe5 Nxe5 19. Nh2 Nc4 20. Be1 Rfe8 21. Nf1 Rc6
22. Qa2 Qd6 23. Qb1 Ba7 24. Bf5 Bxf5 25. Qxf5 Re5 26. Qb1 Qe7 27. Rd1 Nxe3 28.
fxe3 Rxe3 29. Kh1 Rexc3 30. Bxc3 Rxc3 31. Rd3 Rc4 32. Nd2 Rc6 33. Qf1 Ne4 34.
Nxe4 dxe4 35. Rd5 e3 36. Qe2 Rf6 37. Rad1 Qe4 38. Rd8+ Kh7 39. Qd3 Qxd3 40.
R8xd3 e2 0-1

[Event "Stuttgarter Stadtmeisterschaft"]
[Site "Ditzingen"]
[Date "2008.05.01"]
[Round "2.18"]
[White "Cummings, Orlyn"]
[Black "Daur, Wolfgang"]
[Result "0-1"]
[WhiteElo "1429"]
[BlackElo "1696"]
[PlyCount "98"]
[EventDate "2008.05.??"]
[EventType "swiss"]
[EventRounds "7"]
[EventCountry "GER"]

1. e4 e6 2. d4 d5 3. exd5 exd5 4. Bd3 Bd6 5. Nf3 Bg4 6. O-O Ne7 7. Re1 Nd7 8.
Bg5 f6 9. Bh4 O-O 10. c3 Bh5 11. Nbd2 c5 12. Qc2 Bg6 13. Re2 Rc8 14. Bxg6 Nxg6
15. Qb3 Nb6 16. Bg3 Bxg3 17. fxg3 c4 18. Qc2 Qd7 19. Rae1 Rce8 20. Rxe8 Rxe8
21. Rxe8+ Qxe8 22. Kf2 Ne7 23. b3 g6 24. bxc4 Nf5 25. Qd3 dxc4 26. Qe4 Qxe4 27.
Nxe4 Kf7 28. Ke2 Nd5 29. Kd2 Ke7 30. Nc5 b5 31. Ne4 Nfe3 32. Ne1 Nf1+ 33. Kc2
Nxh2 34. a3 Ng4 35. Kd2 Nge3 36. Nc5 Nf1+ 37. Kc2 Nxg3 38. a4 bxa4 39. Nxa4 Ne4
40. Kb2 h5 41. Kc2 g5 42. Nb2 Nexc3 43. Nxc4 Ke6 44. Kd3 Kf5 45. Nd6+ Ke6 46.
Nc4 g4 47. Nc2 f5 48. g3 Ne4 49. Ne5 Nxg3 0-1

[Event "Stuttgarter Stadtmeisterschaft"]
[Site "Ditzingen"]
[Date "2008.05.01"]
[Round "2.19"]
[White "Potthast, Christian"]
[Black "Riasanow, Nikita"]
[Result "0-1"]
[WhiteElo "1691"]
[BlackElo "1259"]
[PlyCount "80"]
[EventDate "2008.05.??"]
[EventType "swiss"]
[EventRounds "7"]
[EventCountry "GER"]

1. e4 e6 2. d4 d5 3. Nd2 Nf6 4. e5 Nfd7 5. f4 c5 6. c3 Nc6 7. Ndf3 cxd4 8. cxd4
f6 9. a3 Be7 10. Bd3 Nb6 11. Ne2 Bd7 12. O-O O-O 13. Qc2 f5 14. Nc3 Rc8 15. Qe2
Na5 16. Be3 Nac4 17. Rac1 Rc6 18. Rc2 Qc7 19. Rfc1 Bd8 20. Nb5 Qb8 21. b3 Nxe3
22. Qxe3 a6 23. Nc3 Be7 24. a4 Rfc8 25. Qe2 Ba3 26. Ra1 Bb2 27. Rxb2 Rxc3 28.
Qd2 Qc7 29. Ne1 Be8 30. Rc2 Rxc2 31. Qxc2 Qe7 32. Qd2 Bh5 33. Rc1 Rxc1 34. Qxc1
Qb4 35. Qe3 Qxb3 36. h3 Qxa4 37. g4 fxg4 38. f5 Bf7 39. hxg4 Qd1 40. Bf1 Qxg4+
0-1

[Event "Stuttgarter Stadtmeisterschaft"]
[Site "Ditzingen"]
[Date "2008.05.01"]
[Round "2.21"]
[White "Krebs, Thomas"]
[Black "Rühl, Volker"]
[Result "1/2-1/2"]
[WhiteElo "1630"]
[BlackElo "1886"]
[PlyCount "84"]
[EventDate "2008.05.??"]
[EventType "swiss"]
[EventRounds "7"]
[EventCountry "GER"]

1. d4 Nf6 2. c4 e5 3. dxe5 Ne4 4. e3 Bb4+ 5. Bd2 Nxd2 6. Nxd2 b6 7. a3 Bxd2+ 8.
Qxd2 Bb7 9. O-O-O O-O 10. h4 Qe7 11. f4 Rd8 12. Qc3 Nc6 13. Nf3 d6 14. exd6
cxd6 15. h5 h6 16. Nh4 Qe6 17. Be2 Rac8 18. Bf3 Ne7 19. b3 Bxf3 20. gxf3 b5 21.
Rhg1 f6 22. Rd4 d5 23. f5 Nxf5 24. Nxf5 Qxf5 25. Rdg4 Rd7 26. Rf4 Qe5 27. Qxe5
fxe5 28. Rf5 Re7 29. Rg4 dxc4 30. bxc4 bxc4 31. Kc2 Rf7 32. Rxf7 Kxf7 33. Kc3
Rc6 34. f4 g6 35. fxe5 gxh5 36. Rf4+ Kg6 37. Re4 Kf5 38. Rh4 Kxe5 39. Rxh5+ Ke4
40. Rh3 Ra6 41. Kxc4 Rxa3 42. Rxh6 Rxe3 1/2-1/2

[Event "Stuttgarter Stadtmeisterschaft"]
[Site "Ditzingen"]
[Date "2008.05.01"]
[Round "2.22"]
[White "Zaytsev, Evgeny"]
[Black "Meinecke, Klaus-Hinrich"]
[Result "1-0"]
[WhiteElo "1638"]
[BlackElo "1869"]
[PlyCount "77"]
[EventDate "2008.05.??"]
[EventType "swiss"]
[EventRounds "7"]
[EventCountry "GER"]

1. e4 c5 2. Nf3 d6 3. d3 Nc6 4. g3 g6 5. Bg2 Bg7 6. O-O Qc7 7. c3 Bg4 8. Nbd2
Rc8 9. Re1 Nf6 10. h3 Bd7 11. Nf1 O-O 12. Bg5 h6 13. Be3 Kh7 14. g4 Rh8 15.
N1h2 b6 16. Qc2 Ne5 17. Nxe5 dxe5 18. c4 Bc6 19. Rab1 Ng8 20. a3 e6 21. b4 Ba8
22. bxc5 bxc5 23. Rb3 Ne7 24. Rb5 Qd6 25. Reb1 f5 26. exf5 Bxg2 27. fxg6+ Nxg6
28. Kxg2 Rhd8 29. Kg1 Rc7 30. g5 hxg5 31. Nf3 Bf6 32. Rb7 Nh4 33. Nxh4 gxh4 34.
Qe2 Rg8+ 35. Kf1 Rgg7 36. Qh5+ Kg8 37. Rb8+ Bd8 38. Qe8+ Kh7 39. Rxd8 1-0

[Event "Stuttgarter Stadtmeisterschaft"]
[Site "Ditzingen"]
[Date "2008.05.01"]
[Round "2.23"]
[White "Behm, Wilfried"]
[Black "Aubel, Stefan"]
[Result "1/2-1/2"]
[WhiteElo "1860"]
[BlackElo "1634"]
[PlyCount "96"]
[EventDate "2008.05.??"]
[EventType "swiss"]
[EventRounds "7"]
[EventCountry "GER"]

1. d4 d5 2. c4 e6 3. Nc3 Nf6 4. Nf3 Be7 5. Bf4 b6 6. e3 Bb7 7. Rc1 O-O 8. Bd3
dxc4 9. Bxc4 c5 10. O-O Nc6 11. Nb5 Rc8 12. dxc5 Bxc5 13. Qe2 Qe7 14. a3 a5 15.
Rfd1 Rfd8 16. Bg5 h6 17. Bh4 g5 18. Bg3 Ne4 19. Nc3 Nxg3 20. hxg3 Rxd1+ 21.
Rxd1 f5 22. Na4 Nd8 23. Ne5 Bc6 24. Nxc5 Qxc5 25. Nxc6 Qxc6 26. Bb5 Qc5 27. Rd7
g4 28. Kh2 Nf7 29. Ba6 Rc7 30. Rd3 h5 31. Rc3 Qd6 32. Qc2 Rxc3 33. Qxc3 h4 34.
Qf6 hxg3+ 35. fxg3 Ne5 36. Bc8 Nf3+ 37. gxf3 Qd2+ 38. Kg1 Qxe3+ 39. Kf1 Qxf3+
40. Ke1 Qe3+ 41. Kd1 Qd3+ 42. Kc1 Qf1+ 43. Kd2 Qf2+ 44. Kd1 Qf3+ 45. Kd2 Qf2+
46. Kc1 Qe1+ 47. Kc2 Qe4+ 48. Kc1 Qe1+ 1/2-1/2

[Event "Stuttgarter Stadtmeisterschaft"]
[Site "Ditzingen"]
[Date "2008.05.01"]
[Round "2.24"]
[White "Maisch, Julian"]
[Black "Ellinger, Harald"]
[Result "1-0"]
[WhiteElo "1574"]
[BlackElo "1854"]
[PlyCount "67"]
[EventDate "2008.05.??"]
[EventType "swiss"]
[EventRounds "7"]
[EventCountry "GER"]

1. e4 c5 2. Nf3 d6 3. d4 cxd4 4. Nxd4 Nf6 5. Nc3 g6 6. Be3 Nc6 7. Bb5 Bd7 8. f3
Bg7 9. Qd2 O-O 10. Nxc6 Bxc6 11. Bxc6 bxc6 12. Ne2 Qc7 13. g4 Rfb8 14. c3 Rb7
15. h4 Rab8 16. b3 h5 17. gxh5 Nxh5 18. Kf2 Qa5 19. Nd4 Qc7 20. Rag1 c5 21. Nf5
Bf6 22. Bh6 e6 23. Ng3 Nxg3 24. Rxg3 Qa5 25. f4 Bg7 26. Bxg7 Kxg7 27. h5 Rh8
28. f5 exf5 29. exf5 Qd8 30. h6+ Kh7 31. Qd3 Qf6 32. Qf3 Qxf5 33. Qxf5 gxf5 34.
Rg7# 1-0

[Event "Stuttgarter Stadtmeisterschaft"]
[Site "Ditzingen"]
[Date "2008.05.01"]
[Round "2.25"]
[White "Follmer, Helmuth"]
[Black "Lörincz, Peter"]
[Result "1-0"]
[WhiteElo "1807"]
[BlackElo "1630"]
[PlyCount "80"]
[EventDate "2008.05.??"]
[EventType "swiss"]
[EventRounds "7"]
[EventCountry "GER"]

1. d4 b6 2. e4 Bb7 3. Nc3 d6 4. f4 Nd7 5. Nf3 e6 6. Bd3 a6 7. Be3 Ne7 8. Qd2 b5
9. a3 c5 10. O-O c4 11. Be2 d5 12. e5 Nf5 13. Bf2 Be7 14. g4 Nh6 15. h3 b4 16.
axb4 Bxb4 17. Qe3 O-O 18. Bh4 Be7 19. Bg5 Kh8 20. Bxh6 gxh6 21. Kh2 f5 22. exf6
Rxf6 23. Ne5 Nxe5 24. fxe5 Rg6 25. Rf7 Qe8 26. Raf1 Rg7 27. R7f3 Bg5 28. Qf2
Qg6 29. Bd1 Rag8 30. Ne2 h5 31. Nf4 Bxf4+ 32. Rxf4 hxg4 33. Rxg4 Qe8 34. Qf6
Bc6 35. Rfg1 Qf8 36. Rxg7 Qxg7 37. Rxg7 Rxg7 38. Bh5 Bb5 39. Bf7 c3 40. Qd8+
Rg8 1-0

[Event "Stuttgarter Stadtmeisterschaft"]
[Site "Ditzingen"]
[Date "2008.05.01"]
[Round "2.26"]
[White "Gibicar, Danijel"]
[Black "Koeller, Horst"]
[Result "1-0"]
[WhiteElo "1745"]
[BlackElo "1599"]
[PlyCount "67"]
[EventDate "2008.05.??"]
[EventType "swiss"]
[EventRounds "7"]
[EventCountry "GER"]

1. d4 e6 2. Nf3 Ne7 3. e3 g6 4. Nbd2 Bg7 5. Bd3 b6 6. O-O Bb7 7. e4 d6 8. c3
Nd7 9. Nb3 O-O 10. Qe2 a5 11. Be3 a4 12. Nbd2 f5 13. exf5 exf5 14. Bg5 Nf6 15.
Rfe1 Rf7 16. Bc4 Bd5 17. Bxd5 Nexd5 18. Qc4 h6 19. Bxf6 Nxf6 20. Nh4 d5 21. Qd3
Kh7 22. Qg3 Ng4 23. h3 Bf6 24. Nhf3 h5 25. hxg4 fxg4 26. Ne5 Rf8 27. Qd3 Bxe5
28. Rxe5 Qh4 29. Qe2 Rf4 30. Re7+ Kh6 31. g3 Qh3 32. gxf4 g3 33. fxg3 Qxg3+ 34.
Qg2 1-0

[Event "Stuttgarter Stadtmeisterschaft"]
[Site "Ditzingen"]
[Date "2008.05.01"]
[Round "2.27"]
[White "Möller, Albrecht"]
[Black "Ölke, Erhard"]
[Result "1/2-1/2"]
[WhiteElo "1629"]
[BlackElo "1741"]
[PlyCount "45"]
[EventDate "2008.05.??"]
[EventType "swiss"]
[EventRounds "7"]
[EventCountry "GER"]

1. e4 d5 2. exd5 Qxd5 3. Nc3 Qa5 4. d4 c6 5. Bc4 Bf5 6. Nf3 e6 7. O-O Bd6 8.
Re1 Ne7 9. Qe2 Qc7 10. Ne4 h6 11. Nxd6+ Qxd6 12. c3 Nd7 13. Bd3 Bxd3 14. Qxd3
O-O-O 15. b4 g5 16. a4 g4 17. Nd2 Nb6 18. Ne4 Qc7 19. Qg3 Qxg3 20. Nxg3 Nbd5
21. Bd2 Nf6 22. Bf4 Nfd5 23. Bd2 1/2-1/2